| 000 | 00586nam a2200229 a 4500 | ||
|---|---|---|---|
| 999 |
_c5563 _d5563 |
||
| 001 | 5563 | ||
| 003 | BD-JhCC | ||
| 005 | 20171218112346.0 | ||
| 008 | 171218s1964 e |||| || | 000 0 eng d | ||
| 035 | _a(BD-JhCC)5563 | ||
| 040 |
_aBD-JhCC _dBD-JhCC |
||
| 041 | _aeng | ||
| 082 |
_a629.1074753 _bLAM 1964 |
||
| 100 | _aLamb, G. F. | ||
| 245 |
_aModern Adventures in Air and Space / _cG. F. Lamb, |
||
| 260 |
_aLondon : _bGeorge G. Harrap & CO. Ltd, _c1964. |
||
| 300 |
_a192 p. : _c18 cm. |
||
| 650 | _aAeronautics | ||
| 650 | _aAir & Space | ||
| 942 |
_2ddc _cBK |
||